Émission TV scène de ménage QCM - Statistiques

Statistiques générales
  • Ce quiz a été pris 75 fois
  • Le résultat moyen est 12 sur 15
Statistiques - réponses
Question Réponse % Correct
Sur quelle chaine passe scène de ménage ? M6
100%
Comment s'appelle Gérard Hernandez dans scène de ménage ? Raymond
100%
Quel est le métier de Philippe ? Pharmacien
99%
Avec qui était il marié dans scène de ménage ? Huguette
97%
Quel surnom se donnait Cédric et Marion ? Poussin
97%
Quel est le métier de José ? Maire
96%
Quelle comédienne de scène de ménage nous à quittés en 2023 ? Marion game
96%
Comment s'appelle le magasin de bricolage où travaille Emma ? Bricoflex
94%
De quel origine est Léo ? Réunionnais
71%
Qui est le dernier couple a être arrivé ? Alice et Sofiane
63%
Comment s'appelle réellement leo dans la série ? Léonard
61%
De quel pays vient la série ? Espagne
53%
Comment s'appelle la société de production ? Noon
50%
En quelle année scène de ménage à t-il été créé ? 2009
43%
Combien d'enfants ont Fabien et Emma ? 3
43%
Aucun quiz correspondant
Distribution des résultats
% des personnes avec chaque résultat
Percentile par nombre de réponses
Votre historique - résultats
Vous n’avez pas pris ce quiz